000 00696nam a2200265 a 4500
999 _c5230
_d5230
001 5230
003 BD-JhCC
005 20171228185659.0
008 171210s19481995n a|||| || | 000 0 eng d
020 _a0194314227
020 _a9780194314220
035 _a(BD-JhCC)5230
040 _aBD-JhCC
_dBD-JhCC
041 _aeng
082 _a423.1
_bHOR 1995
100 _aHornby, A S
245 _aOxford Advanced Learner's Dictionary of current English /
_cA S Hornby,
250 _a5th ed.
260 _aNew York :
_bOxford University Press,
_c1995.
300 _a1428 p. :
_c21 cm.
650 _aEnglish Dictionary
650 _aEnglish Languager
942 _2ddc
_cREF